| 000 | 00741nam a22002057a 4500 | ||
|---|---|---|---|
| 999 |
_c5455 _d5455 |
||
| 003 | AR-CdUCM | ||
| 008 | 190312b ||||| |||| 00| 0 spa d | ||
| 040 |
_aMUNICIPALIDAD PROVINCIAL DEL CUSCO _cBIBLIOTECA MUNICIPAL DEL CUSCO |
||
| 082 |
_a923 / _bM26 |
||
| 100 |
_aMariátegui y Cisneros, Salvador _916408 |
||
| 245 |
_aBiografía del almirante Ignacio Mariategui : _bProcer marino del Perú / |
||
| 260 |
_aLima : _c1957. |
||
| 300 |
_a251 paginas ; _c20 cm. |
||
| 505 | _aContenido : Símbolo de gloria -- Presentación -- Dedicatoria -- Mi propósito -- Biografía del almirante Mariátegui ... | ||
| 650 |
_aBiografías históricas _96252 |
||
| 650 |
_aMarinos _91055 |
||
| 650 |
_aPerú _935 |
||
| 942 |
_2ddc _cLIBROS |
||
| 945 | _arah | ||